Music Quiz

Random Music or Kpop Quiz

Do You Share a Birthday With a K-Pop Idol? (July-Dec) Quiz Stats

 Plays Quiz not verified by Sporcle

Score 0/184 Timer 10:00
0 Plays Today
% Correct
July 1: Sechs Kies' Jiyong ('80), Super Junior's Leeteuk ('83), KNK's Inseong ('94), NCT's Taeyong ('95), Pristin's Eunwoo ('98)
52.1%
July 4: Highlight's Doojoon ('89), SF9's Zuho ('96)
47.9%
July 2: Varsity's Damon ('96)
47.6%
December 30: AOA's Yuna ('92), BTS's V ('95), Seventeen's Joshua ('95)
46.2%
July 3: Despite my searching, I couldn't find any idols with this birthday T_T sorry!
45.4%
July 8: Nine Muses' Sungah ('89), Block B's Kyung ('92)
45.4%
September 1: BTS's Jungkook ('97)
45.1%
July 7: JJCC's Eddy ('90), Cross Gene's Sangmin ('92), April's Chaekyung ('96)
44.8%
July 6: Lovelyz's Baby Soul ('92)
44.5%
July 5: Nine Muses' Kyungri ('90), VIXX's Hyuk ('95), 15&'s Jimin ('97)
44.3%
July 18: Shinee's Taemin ('93), 24k's Hui ('95)
43.7%
July 28: Shinhwa's Minwoo ('79), Oh My Girl's Hyojung ('94)
43.7%
July 9: Despite my searching, I couldn't find any idols with this birthday T_T sorry!
43.4%
July 10: Super Junior's Heechul ('83)
43.4%
July 15: BIG's J-Hoon ('90), N.Flying's Jaehyun ('94), WJSN's Cheng Xiao ('98)
43.4%
July 29: Pristin's Roa ('97)
43.4%
July 16: Sechs Kies' Suwon ('80)
43.1%
July 21: Nu'est's Baekho ('95)
43.1%
July 22: Tablo ('80), Uniq's Wenhan ('94)
43.1%
July 12: Crayon Pop's Choa and Way ('90), SF9's Inseong ('93), N.Flying's Hun ('94)
42.9%
July 26: The Rose's Hajoon ('94)
42.9%
July 27: Despite my searching, I couldn't find any idols with this birthday T_T sorry!
42.9%
August 18: Big Bang's G-Dragon ('88), Apink's Eunji ('93), Loona's Haseul ('97), Momoland's JooE ('98)
42.9%
October 13: Secret's Hyosung ('89), BTS's Jimin ('95), Golden Child's Seungmin ('98)
42.9%
July 17: Seventeen's Wonwoo ('96), Seven O'Clock's A-Day ('96)
42.6%
August 19: Shinhwa's Jun Jin ('80), WJSN's Bona ('95), GFriend's Yerin and Umji ('96 and '98), Laboum's Solbin ('97)
42.6%
September 12: Brave Girls' Minyoung ('90), BTS's Rap Monster ('94), AKMU's Chanhyuk ('96)
42.6%
December 31: Psy ('77), MAP6's Sun ('95), ACE's Chan ('97), Elris' Sohee ('99)
42.6%
July 13: Sechs Kies' Jaijin ('79), DIA's Yebin ('97)
42.3%
July 23: Mamamoo's Hwasa ('95)
42.3%
July 30: Despite my searching, I couldn't find any idols with this birthday T_T sorry!
42.3%
December 4: BTS's Jin ('92), Gugudan's Mina ('99), Weki Meki's Doyeon ('99), April's Jinsol ('01)
42.3%
July 14: Despite my searching, I couldn't find any idols with this birthday T_T sorry!
42%
July 25: Despite my searching, I couldn't find any idols with this birthday T_T sorry!
42%
August 17: Despite my searching, I couldn't find any idols with this birthday T_T sorry!
42%
September 23: Shinee's Key ('91), Lovelyz's Mijoo ('94), Lee Hi ('96), Wanna One's Guanlin ('01)
42%
November 11: FT Island's Minhwan ('92), Bestie's Haeryung ('94), Up10tion's Kuhn ('95), Loona's Yeojin ('02)
42%
July 19: Brave Girls' Eunji ('92), APink's Hayoung ('96), ex. IOI's Sohye ('99)
41.7%
July 20: Weki Meki's Elly ('98)
41.7%
August 8: Seventeen's S.Coups ('95)
41.7%
July 31: After School's Lizzy ('92), Boyfriend's Minwoo ('95), Golden Child's Y and Joochan ('95 and '99), Momoland's Nayun ('98)
41.5%
August 5: Uniq's Seungyoun and Yibo ('96 and '97), Gugudan's Hyeyeon ('00)
41.5%
August 10: Fiestar's Hyemi ('90), AOA's Hyejeong ('93), Dream Catcher's SuA ('94), CLC's Yeeun ('98)
41.5%
July 11: Despite my searching, I couldn't find any idols with this birthday T_T sorry!
41.2%
August 2: Up10tion's Jinhoo ('95), NCT's Mark ('99)
41.2%
August 12: N.Flying's Kwangjin ('92), f(x)'s Luna ('93), CLC's Yujin ('96), ONF's Laun ('99)
41.2%
August 13: Apink's Bomi ('93), ACE's Jason ('96), NCT's Jaemin ('00)
41.2%
September 22: SNSD's Hyoyeon ('89), Got7's Jinyoung ('94), Twice's Nayeon ('95), Stray Kids' Seungmin ('00)
41.2%
November 7: Seventeen's The8 ('97)
41.2%
August 6: Despite my searching, I couldn't find any idols with this birthday T_T sorry!
40.9%
August 1: SNSD's Tiffany ('89), Momoland's Yeonwoo ('96)
40.9%
August 15: Despite my searching, I couldn't find any idols with this birthday T_T sorry!
40.9%
September 3: ex. B2ST's Hyunseung ('89), Infinite's Sungjong ('93), Ladies' Code's Sojung ('93), Red Velvet's Joy ('96)
40.9%
October 3: BIG's Gunmin ('94), Stray Kids' Bang Chan ('97)
40.9%
November 9: Se7en ('84), Ladies' Code's Ashley ('91), Twice's Momo ('96)
40.9%
July 24: SF9's Dawon ('95)
40.6%
August 4: Despite my searching, I couldn't find any idols with this birthday T_T sorry!
40.6%
August 9: Heize ('91), Myname's JunQ ('93), SF9's Jaeyoon ('94), Nu'est & Wanna One's Minhyun ('95)
40.6%
August 11: Stray Kids' Changbin ('99)
40.6%
August 22: Hotshot's Yoonsan ('94), KARD's Somin ('96), TRCNG's Hayoung ('00)
40.6%
August 24: Super Junior's Yesung ('84), Up10tion's Bitto ('96), Golden Child's Bomin ('00)
40.6%
October 4: BtoB's Ilhoon ('94), Seventeen's Jeonghan ('95), KARD's Jiwoo ('96), GFriend's Yuju ('97)
40.6%
% Correct
October 6: Monsta X's Jooheon ('94), Weki Meki's Lua ('00)
40.6%
November 22: Boy's Republic's Onejunn ('88), BtoB's Eunkwang ('90), Infinite's Dongwoo ('90), Monsta X's Kihyun ('93), Seventeen's Woozi ('96), NCT's Chenle ('01)
40.6%
November 28: Despite my searching, I couldn't find any idols with this birthday T_T sorry!
40.6%
August 3: SS501's Hyungjun ('87), Davichi's Minkyung ('90), Playback's Hayoung ('93), WJSN's Yeonjung ('99)
40.3%
August 16: U-Kiss' Hoon ('91), After School's E-Young ('92), Teen Top's Niel ('94), Gugudan's Haebin ('95)
40.3%
October 24: f(x)'s Krystal ('94), MAP6's Sign ('94)
40.3%
November 4: Big Bang's TOP ('87), Teen Top's CAP ('92)
40.3%
December 10: EXID's LE ('91), Romeo's Seunghwan ('94), Wanna One's Daniel ('96)
40.3%
December 25: Halo's Dino ('90)
40.3%
August 26: Fiestar's Yezi ('94)
40.1%
August 27: Infinite's Sungyeol ('91), P.O.P's Ahyung ('96)
40.1%
September 21: EXO's Chen ('92), AOA's Mina ('93)
40.1%
November 3: SS501's Youngsaeng ('86), Monsta X's Minhyuk ('93), The Rose's Jaehyeong ('94), Nu'est's Ren ('95)
40.1%
November 10: VIXX's Leo ('90), Dean ('92), Varsity's Xin ('96)
40.1%
December 29: Twice's Sana ('96)
40.1%
August 7: Sechs Kies' Jaeduck ('79), SF9's Rowoon ('96)
39.8%
August 23: EXID's Hyerin ('93)
39.8%
August 31: DIA's Eunjin ('97), Weki Meki's Lucy ('02)
39.8%
September 2: DIA's Eunice ('91), Halo's Heecheon ('94)
39.8%
October 7: EXO's Lay ('91)
39.8%
October 22: Fiestar's Linzy ('89), Ikon's B.I ('96)
39.8%
November 12: ex.2NE1's Dara ('84), Victon's Byungchan ('97), Weki Meki's Yoojung ('99)
39.8%
November 16: Madtown's Heo Jun ('94), Teen Top's Changjo ('95), ONF's MK ('95)
39.8%
November 24: Despite my searching, I couldn't find any idols with this birthday T_T sorry!
39.8%
December 8: Ladies' Code's Zuny ('94)
39.8%
August 20: After School's Kaeun ('94), Romeo's Milo ('96)
39.5%
August 21: FT Island's Seunghyun ('92)
39.5%
August 25: Day6's Dowoon ('95), Wanna One's Seongwoo ('95), Seven O'Clock's Hyun ('97)
39.5%
August 29: Brave Girls' Hayun ('94), Playback's Woolim ('96)
39.5%
September 4: Got7's Mark ('93)
39.5%
October 25: Pentagon's Yan An ('96), Stray Kids' Lee Know ('98)
39.5%
November 15: BIG's Minpyo ('94), Loona's Hyunjin ('00)
39.5%
November 17: Eric Nam ('88), Got7's Yugyeom ('97), Varsity's Manny ('01)
39.5%
November 27: Shinhwa's Hyesung ('79), EXO's Chanyeol ('92)
39.5%
August 28: ex. 2AM's Jo Kwon ('89), VAV's ACE ('92), Pentagon's Hui ('93), Gugudan's Sejeong ('96), April's Rachel ('00)
39.2%
August 30: Fiestar's Cao Lu ('87), ex. Kara (KARD?)'s Youngji ('94)
39.2%
November 1: Imfact's Taeho ('93), Twice's Jeongyeon ('96), Varsity's Seungbo ('97)
39.2%
November 2: Brown Eyed Girls' Miryo ('81), CLC's Elkie ('98), Wanna One's Woojin ('99)
39.2%
November 5: BoA ('86), Pristin's Yuha ('97), Seven O'Clock's Jeonggyu ('97), Elris' Yukyung ('99)
39.2%
August 14: B1A4's Gongchan ('93)
38.9%
September 8: Despite my searching, I couldn't find any idols with this birthday T_T sorry!
38.9%
October 8: Sonamoo's Euijin ('96)
38.9%
October 10: Miss A's Suzy ('94), CLC's Seunghee ('95), Seven O'Clock's Vaan ('96)
38.9%
November 6: MBLAQ's G.O ('87), Girls Day's Yura ('92), WJSN's Exy ('95), Up10tion's Sunyoul ('96), CLC's Seungyeon ('96)
38.9%
November 30: Despite my searching, I couldn't find any idols with this birthday T_T sorry!
38.9%
September 16: Dal Shabet's Serri ('90), P.O.P's Miso ('96)
38.7%
October 5: Teen Top's Chunji ('93), Berry Good's Taeha ('95)
38.7%
October 15: Super Junior's Donghae ('86), Hotshot's Taehyun ('93), BAP's Zelo ('96), WJSN's Mei Qi ('98), Elris' Hyeseong ('99)
38.7%
October 23: SES's Shoo ('81), Cross Gene's Shin ('91), Gugudan's Sally ('96)
38.7%
October 31: N.Flying's Seunghyub ('92), Xeno-T's Hojoon ('92)
38.7%
November 18: B1A4's Jinyoung ('91), CLC's Sorn ('96)
38.7%
November 23: 100%'s Jonghwan ('92), SF9's Youngbin ('93), Gugudan's Nayoung ('95), Fromis 9's Jisun ('98)
38.7%
December 5: SNSD's Yuri ('89)
38.7%
December 9: Shinee's Minho ('91), Sonamoo's Nahyun ('95), Loona's Vivi ('96)
38.7%
September 14: After School's Nana ('91), Block B's Zico ('92), Bolbbalgan4's Jiyoung ('95), WJSN's Soobin ('96), DIA's Jenny ('96), Stray Kids' Han ('00)
38.4%
September 25: Victon's Hanse ('97)
38.4%
October 26: NCT's Yuta ('95), Varsity's Kid ('95)
38.4%
November 8: Imfact's Jian ('93), April's Chaewon ('97)
38.4%
November 14: Pristin's Xiyeon ('00)
38.4%
November 21: Shinhwa's Dongwan ('79), Dal Shabet's Woohee ('91), Gugudan's Soyee ('96), Up10tion's Gyujin ('97)
38.4%
December 13: Up10tion's Xiao ('98), Berry Good's Sehyung ('98)
38.4%
December 15: Despite my searching, I couldn't find any idols with this birthday T_T sorry!
38.4%
% Correct
September 9: Stellar's Soyoung ('93), Oh My Girl's Binnie ('97)
38.1%
September 11: Despite my searching, I couldn't find any idols with this birthday T_T sorry!
38.1%
September 15: CNBlue's Jungshin ('91), Day6's Jae ('92), Stray Kids' Felix ('00)
38.1%
September 24: Block B's Taeil ('90)
38.1%
September 27: Xeno-T's Sangwon ('95), Momoland's Ahin ('99), TRCNG's Wooyeop ('00), Weki Meki's Rina ('01)
38.1%
October 12: Despite my searching, I couldn't find any idols with this birthday T_T sorry!
38.1%
October 28: KNK's Seungjun ('93), NCT's Winwin ('97)
38.1%
December 1: DIA's Chaeyeon ('97)
38.1%
September 20: Brown Eyed Girls' Gain ('87), TRCNG's Hakmin ('00)
37.8%
October 21: Varsity's Xiweol ('96)
37.8%
October 27: Up10tion's Wooshin ('96)
37.8%
November 29: BtoB's Minhyuk ('90)
37.8%
December 6: Despite my searching, I couldn't find any idols with this birthday T_T sorry!
37.8%
December 14: Shinee's Onew ('89), Block B's B-Bomb ('90), Victon's Heo Chan ('95)
37.8%
December 22: VAV's St. Van ('91), Mamamoo's Moonbyul ('92), BP Rania's Hyeme ('95)
37.8%
September 5: Fiestar's Jei ('89), B1A4's Baro ('92), Halo's Hyunkyung and Kangmin ('98 and '99)
37.5%
September 6: Despite my searching, I couldn't find any idols with this birthday T_T sorry!
37.5%
September 17: Oh My Girl's YooA ('95), Got7's Youngjae ('96), TRCNG's Taeseon ('00)
37.5%
September 18: Brown Eyed Girls' Jea ('81), f(x)'s Amber ('92)
37.5%
September 26: Winner's Jinwoo ('91)
37.5%
October 1: Dream Catcher's Siyeon ('95)
37.5%
October 9: Good Day's Haeun ('99)
37.5%
October 14: TRCNG's Hohyeon ('01)
37.5%
October 30: Despite my searching, I couldn't find any idols with this birthday T_T sorry!
37.5%
December 3: Despite my searching, I couldn't find any idols with this birthday T_T sorry!
37.5%
December 24: WJSN's Seola ('94), ONF's E-tion ('94), Victon's Seungwoo ('94), Romeo's Minsung ('96)
37.5%
September 7: VAV's Jacob ('96)
37.3%
September 10: Sonamoo's D.ana ('95), Seven O'Clock's Younghoon ('97)
37.3%
September 13: Despite my searching, I couldn't find any idols with this birthday T_T sorry!
37.3%
September 28: Super Junior's Shindong ('85)
37.3%
September 30: Despite my searching, I couldn't find any idols with this birthday T_T sorry!
37.3%
October 11: Nine Muses' Sojin ('91)
37.3%
October 16: MBLAQ's Seungho ('87)
37.3%
October 20: KARD's BM ('92), Hotshot's Hojung ('94), Loona's Chuu ('99)
37.3%
October 29: Despite my searching, I couldn't find any idols with this birthday T_T sorry!
37.3%
November 19: Lovelyz's Sujeong ('97), Loona's Gowon ('00)
37.3%
November 20: Myname's Seyong ('91)
37.3%
November 25: 24k's Cory ('90)
37.3%
November 26: Berry Good's Seoyul ('97)
37.3%
December 2: Varsity's Bullet ('95)
37.3%
December 12: T-ara's Qri and Eunjung ('86 and '88), Big Bang's Seungri ('90)
37.3%
December 16: Pristin's Kyulkyung ('98)
37.3%
September 19: Despite my searching, I couldn't find any idols with this birthday T_T sorry!
37%
October 2: 24k's Kisu ('91)
37%
November 13: Loona's Olivia Hye ('01), TRCNG's Kangmin ('01)
37%
December 7: GFriend's Sowon ('95)
37%
December 17: Jessi ('88), FT Island's Jaejin ('91), Boy's Republic's Sungjun ('92), Nine Muses' Keumjo ('92)
37%
December 26: Myname's Chaejin ('95), Pristin's Kyla ('01)
37%
December 27: 2PM's Taecyeon ('88), Fromis 9's Gyuri ('97)
37%
September 29: VIXX's Hongbin ('93), Fromis 9's Hayoung ('97)
36.7%
October 17: BP Rania's Jieun ('93), Imfact's Leesang ('95)
36.7%
October 18: Despite my searching, I couldn't find any idols with this birthday T_T sorry!
36.7%
December 11: Uniq's Yixuan ('90), Pentagon's Shinwon ('95)
36.7%
October 19: Pristin's Rena ('98), Loona's Heejin ('00)
36.4%
December 28: Brown Eyed Girls' Narsha ('81), Berry Good's Gowoon ('98)
36.1%
December 18: Sonamoo's Minjae ('94), Pristin's Nayoung ('95)
35.9%
December 21: Ikon's Bobby ('95), Sonamoo's High.D ('96), VAV's Lou ('96), TRCNG's Jisung ('00)
35.6%
December 19: Highlight's Junhyung ('89), Day6's Young K ('93)
34.7%
December 20: 100%'s Hyukjin ('93), Momoland's Jane ('97)
34.5%
December 23: Block B's Jaehyo ('90)
33.9%
Remove Ads.
Support Sporcle.
Get the best of Sporcle when you Go Orange. This ad-free experience offers more features, more stats, and more fun while also helping to support Sporcle. Thank you for becoming a member.

You're not logged in!

Compare scores with friends on all Sporcle quizzes.
OR
Log In

Sporcle TV

Today on Sporcle TV


Watch our educational content, quiz creation guides, and fun videos on Sporcle TV.

Show Comments

Extras

Top Quizzes Today


Score Distribution

Paid Content

Your Account Isn't Verified!

In order to create a playlist on Sporcle, you need to verify the email address you used during registration. Go to your Sporcle Settings to finish the process.

Report this User

Report this user for behavior that violates our Community Guidelines.

Details: